C++. : (Record no. 3031)
[ view plain ]
| 000 -LEADER | |
|---|---|
| fixed length control field | 00838cam a22002412 4500 |
| 001 - CONTROL NUMBER | |
| control field | 0000006038 |
| 005 - DATE AND TIME OF LATEST TRANSACTION | |
| control field | 20151217145828.0 |
| 008 - FIXED-LENGTH DATA ELEMENTS--GENERAL INFORMATION | |
| fixed length control field | 070912s xx 000 0 eng d |
| 020 ## - INTERNATIONAL STANDARD BOOK NUMBER | |
| International Standard Book Number | 8120328035 : |
| Terms of availability | KES 1,700 |
| 040 ## - CATALOGING SOURCE | |
| Original cataloging agency | KABU |
| Transcribing agency | KABU |
| 100 1# - MAIN ENTRY--PERSONAL NAME | |
| Personal name | Deitel, H. M. |
| -- | 0000154449 |
| 245 10 - TITLE STATEMENT | |
| Title | C++. : |
| Remainder of title | how to program / |
| Statement of responsibility, etc. | H. M. Deitel, P. J. Deitel. |
| 250 ## - EDITION STATEMENT | |
| Edition statement | 5th ed. |
| 260 ## - PUBLICATION, DISTRIBUTION, ETC. (IMPRINT) | |
| Place of publication, distribution, etc. | New Delhi : |
| Name of publisher, distributor, etc. | Prentice Hall, |
| Date of publication, distribution, etc. | 2005. |
| 300 ## - PHYSICAL DESCRIPTION | |
| Extent | lxii, 1436 p. |
| 650 #0 - SUBJECT ADDED ENTRY--TOPICAL TERM | |
| Topical term or geographic name as entry element | C++ (Computer program language) |
| -- | 0000154344 |
| 700 1# - ADDED ENTRY--PERSONAL NAME | |
| Personal name | Deitel, P. J. |
| -- | 0000154450 |
| 950 ## - LOCAL HOLDINGS (RLIN) | |
| -- | 1 |
| Withdrawn status | Lost status | Source of classification or shelving scheme | Not for loan | Home library | Current library | Date acquired | Total Checkouts | Full call number | Barcode | Date last seen | Date last checked out | Price effective from | Koha item type | Damaged status | Total Renewals |
|---|---|---|---|---|---|---|---|---|---|---|---|---|---|---|---|
| Library of Congress Classification | Kabarak, Main Campus | Kabarak, Main Campus | 17/12/2015 | 8 | QA76.73 .C153D45 2005 | 009870 | 07/11/2019 | 24/10/2019 | 17/12/2015 | General Collection | |||||
| Lost | Library of Congress Classification | Kabarak, Main Campus | Kabarak, Main Campus | 17/12/2015 | 1 | QA76.73 .C153D45 2005 | 002148 | 25/01/2016 | 25/01/2016 | 17/12/2015 | General Collection | ||||
| Library of Congress Classification | Kabarak, Main Campus | Kabarak, Main Campus | 17/12/2015 | 2 | QA76.73 .C153D45 2005 | 002147 | 27/07/2019 | 02/07/2019 | 17/12/2015 | General Collection | |||||
| Library of Congress Classification | Kabarak, Main Campus | Kabarak, Main Campus | 17/12/2015 | 5 | QA76.73 .C153D45 2005 | 009869 | 08/07/2022 | 23/06/2022 | 17/12/2015 | General Collection | 1 |